[Event "Kandidatklassen"]
[Site "Koge"]
[Date "2005.03.25"]
[Round "4"]
[White "Ostergaard, Jens"]
[Black "Kongsted, Halfdan Christian"]
[Result "0-1"]
[WhiteElo "2321"]
[BlackElo "2265"]
[PlyCount "68"]
[EventDate "2005.??.??"]
[EventType "swiss"]
[EventRounds "7"]
[EventCountry "DEN"]

1. d4 Nf6 2. Nf3 e6 3. c4 b6 4. g3 Ba6 5. Qa4 Bb7 6. Bg2 c5 7. dxc5 Bxc5 8. O-O
O-O 9. Nc3 Be7 10. Bf4 a6 11. Rfd1 d6 12. Rd2 Qc7 13. Rad1 Rd8 14. Ng5 Bxg2 15.
Kxg2 e5 16. Be3 Nbd7 17. Kg1 Qb7 18. Qc2 Qc6 19. Nd5 Bf8 20. Ne4 Nxe4 21. Qxe4
Rac8 22. b3 Re8 23. Qg4 Re6 24. Nb4 Qb7 25. Qf3 e4 26. Qf5 Re5 27. Qh3 b5 28.
Bf4 Re6 29. c5 Nxc5 30. Bxd6 e3 31. Bxf8 exd2 32. Bxc5 Rxc5 33. Qg2 Qc8 34. e3
Rc1 0-1

[Event "Kandidatklassen"]
[Site "Koge"]
[Date "2005.03.25"]
[Round "4"]
[White "Skjoldan, Benjamin"]
[Black "Aabling Thomsen, Jakob"]
[Result "1/2-1/2"]
[WhiteElo "2051"]
[BlackElo "2135"]
[PlyCount "40"]
[EventDate "2005.??.??"]
[EventType "swiss"]
[EventRounds "7"]
[EventCountry "DEN"]

1. d4 Nf6 2. Nf3 c5 3. d5 e6 4. dxe6 fxe6 5. g3 d5 6. c4 Nc6 7. cxd5 exd5 8.
Bg2 Be7 9. O-O O-O 10. Qb3 Kh8 11. Rd1 Bg4 12. Qxb7 Nb4 13. Na3 Ne4 14. Bf4
Rxf4 15. gxf4 Bxf3 16. Bxf3 Rb8 17. Qxa7 Ra8 18. Qb7 Rb8 19. Qa7 Ra8 20. Qb7
Rb8 1/2-1/2

[Event "Kandidatklassen"]
[Site "Koge"]
[Date "2005.03.25"]
[Round "4"]
[White "Rossen, Claus"]
[Black "Madsen, Poul Henrik"]
[Result "1-0"]
[WhiteElo "2197"]
[BlackElo "2035"]
[PlyCount "49"]
[EventDate "2005.??.??"]
[EventType "swiss"]
[EventRounds "7"]
[EventCountry "DEN"]

1. e4 d5 2. exd5 Qxd5 3. Nc3 Qd6 4. d4 Nf6 5. Bc4 a6 6. Bb3 Nc6 7. Nge2 Bg4 8.
f3 Bh5 9. Bf4 Qd7 10. d5 Na5 11. Qd4 h6 12. g4 Bg6 13. O-O-O h5 14. g5 Nxb3+
15. axb3 Qf5 16. Rd2 Nd7 17. h4 e5 18. dxe6 Qxe6 19. Nd5 Bd6 20. Nxc7+ Bxc7 21.
Bxc7 Rc8 22. Nf4 Qc6 23. Re1+ Kf8 24. Nxg6+ fxg6 25. Qxd7 1-0

[Event "Kandidatklassen"]
[Site "Koge"]
[Date "2005.03.25"]
[Round "4"]
[White "Pedersen, Daniel Vesterbaek"]
[Black "Brinck Claussen, Bjorn"]
[Result "1/2-1/2"]
[WhiteElo "2348"]
[BlackElo "2299"]
[PlyCount "121"]
[EventDate "2005.??.??"]
[EventType "swiss"]
[EventRounds "7"]
[EventCountry "DEN"]

1. d4 d5 2. c4 e6 3. Nc3 c5 4. cxd5 exd5 5. Nf3 Nc6 6. g3 Nf6 7. Bg2 Be7 8. O-O
O-O 9. Bg5 cxd4 10. Nxd4 h6 11. Be3 Re8 12. Rc1 Bf8 13. Na4 Ne5 14. Nf3 Nxf3+
15. Bxf3 Bh3 16. Re1 Bb4 17. Bd2 Bxd2 18. Qxd2 Ne4 19. Qd4 Qa5 20. Nc3 Nxc3 21.
Rxc3 Qxa2 22. Bxd5 Rxe2 23. Rd1 Qxb2 24. g4 Bxg4 25. Qxg4 Qxc3 26. Qxe2 Qc7 27.
Rb1 Rb8 28. Bxb7 a5 29. Kg2 g6 30. Be4 Rxb1 31. Bxb1 Qb7+ 32. Qe4 Qxe4+ 33.
Bxe4 f5 34. Bc2 Kg7 35. h4 Kf6 36. Kf3 g5 37. hxg5+ hxg5 38. Ke3 Ke5 39. f3 Ke6
40. Ba4 Ke5 41. Bd7 Kf6 42. Kd4 g4 43. f4 Kg6 44. Be8+ Kf6 45. Ke3 Ke7 46. Ba4
Ke6 47. Kf2 Kf6 48. Kg3 Kg6 49. Kh4 Kf6 50. Bc6 Kg6 51. Bd7 Kf6 52. Be8 Ke7 53.
Bc6 Ke6 54. Be8 Ke7 55. Bb5 Kf6 56. Bd7 Kg6 57. Bc6 Kh6 58. Be8 Kg7 59. Bc6 Kh6
60. Bb5 Kg6 61. Bc6 1/2-1/2

[Event "Kandidatklassen"]
[Site "Koge"]
[Date "2005.03.25"]
[Round "4"]
[White "Mikkelsen, Nikolaj"]
[Black "Skovgaard, Peter Nicolai"]
[Result "0-1"]
[WhiteElo "2211"]
[BlackElo "2130"]
[PlyCount "84"]
[EventDate "2005.??.??"]
[EventType "swiss"]
[EventRounds "7"]
[EventCountry "DEN"]

1. e4 c5 2. Nf3 a6 3. c3 e6 4. d4 d5 5. e5 Bd7 6. Be2 cxd4 7. cxd4 Bb5 8. Bxb5+
axb5 9. O-O Nc6 10. Nc3 b4 11. Ne2 Be7 12. Qd3 g5 13. Ne1 Nh6 14. Nc2 Nf5 15.
Bd2 Qb6 16. a3 b3 17. Nb4 Nfxd4 18. Nxd4 Qxd4 19. Qb5 O-O 20. Qxb7 Bxb4 21. Be3
Qxe5 22. axb4 Rxa1 23. Rxa1 Qxb2 24. Rf1 Qc2 25. Rc1 Qd3 26. Qxc6 b2 27. h4
b1=Q 28. Rxb1 Qxb1+ 29. Kh2 Qxb4 30. Bxg5 h6 31. Qc1 Qc4 32. Qe3 Qe4 33. Qxe4
dxe4 34. Bxh6 Ra8 35. Kg3 Kh7 36. Bg5 Kg6 37. Kg4 f5+ 38. Kf4 Ra5 39. g3 Rb5
40. Be7 e5+ 41. Ke3 Rb3+ 42. Ke2 Rd3 0-1

[Event "Kandidatklassen"]
[Site "Koge"]
[Date "2005.03.25"]
[Round "4"]
[White "Matthiesen, Arne"]
[Black "Damm, Kasper Wilken"]
[Result "1-0"]
[WhiteElo "2334"]
[BlackElo "2215"]
[PlyCount "59"]
[EventDate "2005.??.??"]
[EventType "swiss"]
[EventRounds "7"]
[EventCountry "DEN"]

1. d4 g6 2. e4 Bg7 3. Nc3 c5 4. Nf3 cxd4 5. Nxd4 Nc6 6. Be3 d6 7. Qd2 Bd7 8.
O-O-O a6 9. f3 b5 10. g4 Ne5 11. h4 h5 12. g5 e6 13. f4 Ng4 14. f5 Nxe3 15.
Qxe3 e5 16. Nb3 gxf5 17. Rxd6 Qc7 18. Qc5 Qxc5 19. Nxc5 Bf8 20. Rd5 Bc6 21.
Rxe5+ Ne7 22. Nd5 Ra7 23. Bh3 Bg7 24. Nf6+ Kf8 25. Rd1 Ra8 26. exf5 Bxf6 27.
gxf6 Ng8 28. Rd6 Rc8 29. Rxc6 Rxc6 30. Nd7# 1-0

[Event "Kandidatklassen"]
[Site "Koge"]
[Date "2005.03.25"]
[Round "4"]
[White "Glud, Jakob Vang"]
[Black "Christensen, Stefan"]
[Result "0-1"]
[WhiteElo "2311"]
[BlackElo "2203"]
[PlyCount "68"]
[EventDate "2005.??.??"]
[EventType "swiss"]
[EventRounds "7"]
[EventCountry "DEN"]

1. c4 e5 2. g3 Nf6 3. Bg2 d5 4. cxd5 Nxd5 5. Nf3 Nc6 6. O-O Nb6 7. d3 Be7 8.
Nbd2 O-O 9. a3 f5 10. b4 Bf6 11. Bb2 Re8 12. b5 Nd4 13. a4 Nd5 14. e4 fxe4 15.
dxe4 Nb6 16. Nxd4 exd4 17. a5 Nd7 18. f4 Nc5 19. e5 Be7 20. Nb3 d3 21. Bd4 Be6
22. Bxc5 Bxc5+ 23. Nxc5 Qd4+ 24. Kh1 Qxc5 25. Qxd3 Rad8 26. Qe2 Rd4 27. Rfc1
Qb4 28. Rcb1 Qc3 29. Qb2 Rd1+ 30. Rxd1 Qxb2 31. Rab1 Qa3 32. Bxb7 Qxa5 33. Bc6
Rf8 34. Ra1 Qb6 0-1

[Event "Kandidatklassen"]
[Site "Koge"]
[Date "2005.03.25"]
[Round "4"]
[White "Bromann, Thorbjorn"]
[Black "Holmsgaard, Henrik"]
[Result "1/2-1/2"]
[WhiteElo "2354"]
[BlackElo "2319"]
[PlyCount "58"]
[EventDate "2005.??.??"]
[EventType "swiss"]
[EventRounds "7"]
[EventCountry "DEN"]

1. e4 c5 2. Nf3 Nc6 3. d4 cxd4 4. Nxd4 Nf6 5. Nc3 e5 6. Ndb5 d6 7. Nd5 Nxd5 8.
exd5 Nb8 9. c4 Be7 10. Be2 O-O 11. O-O Bd7 12. Nc3 f5 13. Kh1 Be8 14. f4 Bf6
15. Qc2 g6 16. Be3 Nd7 17. b4 Rc8 18. Rad1 exf4 19. Bxf4 Nb6 20. Qb3 g5 21. Bc1
Be5 22. a4 Qf6 23. Rd3 Rxc4 24. a5 Rxc3 25. Rxc3 Bxc3 26. axb6 axb6 27. Bxg5
Qxg5 28. Qxc3 Bg6 29. Bf3 Re8 1/2-1/2

[Event "Kandidatklassen"]
[Site "Koge"]
[Date "2005.03.26"]
[Round "5"]
[White "Christensen, Stefan"]
[Black "Meyer, Lars August"]
[Result "1-0"]
[WhiteElo "2203"]
[BlackElo "2240"]
[PlyCount "57"]
[EventDate "2005.??.??"]
[EventType "swiss"]
[EventRounds "7"]
[EventCountry "DEN"]

1. e4 d5 2. exd5 Nf6 3. d4 Bg4 4. Ne2 Qxd5 5. Nbc3 Qa5 6. f3 Bf5 7. b4 Qxb4 8.
Rb1 Qc4 9. Rxb7 e6 10. Rb3 Bb4 11. Kf2 c5 12. Ng3 Qxd4+ 13. Qxd4 cxd4 14. Rxb4
dxc3 15. Nxf5 exf5 16. Bb5+ Nbd7 17. Re1+ Kf8 18. Bxd7 Nxd7 19. Rb7 Nf6 20.
Ree7 Nd5 21. Rxf7+ Ke8 22. Rxg7 a5 23. Rgd7 Nb4 24. Re7+ Kd8 25. Bg5 Rg8 26.
Rg7+ Kc8 27. Rbc7+ Kb8 28. Rb7+ Kc8 29. Rgc7# 1-0

[Event "Kandidatklassen"]
[Site "Koge"]
[Date "2005.03.26"]
[Round "5"]
[White "Skovgaard, Peter Nicolai"]
[Black "Kongsted, Halfdan Christian"]
[Result "1-0"]
[WhiteElo "2130"]
[BlackElo "2265"]
[PlyCount "121"]
[EventDate "2005.??.??"]
[EventType "swiss"]
[EventRounds "7"]
[EventCountry "DEN"]

1. e4 c5 2. Nf3 d6 3. Nc3 Nf6 4. g3 Nc6 5. d3 g6 6. Bg2 Bg7 7. O-O O-O 8. h3
Rb8 9. Be3 e5 10. a4 a6 11. Kh2 b5 12. axb5 axb5 13. Qd2 Nd4 14. Ne2 b4 15.
Nexd4 cxd4 16. Bh6 Nd7 17. Bxg7 Kxg7 18. b3 Nc5 19. Ra7 Qb6 20. Ra2 Rb7 21. Nh4
f6 22. f4 Bd7 23. g4 exf4 24. Qxf4 Ne6 25. Qg3 Rc7 26. Nf3 Qc5 27. Rf2 g5 28.
Ng1 Rh8 29. Rf5 Qb6 30. Ne2 Bc6 31. Qf2 Rf8 32. h4 h6 33. Raa5 Be8 34. hxg5
hxg5 35. Ng3 Bg6 36. Rfb5 Qc6 37. Nf5+ Kf7 38. Nxd4 Rh8+ 39. Kg1 Nxd4 40. e5
Ne2+ 41. Qxe2 Qxc2 42. Bd5+ Kg7 43. Qxc2 Rxc2 44. Ra7+ Kh6 45. exd6 Re8 46. Re7
Rxe7 47. dxe7 Rc7 48. Rb7 Rxb7 49. Bxb7 Be8 50. Bc8 Kg6 51. Be6 f5 52. gxf5+
Kf6 53. Kf2 Kxe7 54. d4 Kf6 55. Ke3 Bb5 56. Ke4 Bf1 57. d5 Bg2+ 58. Kd4 g4 59.
d6 g3 60. d7 Ke7 61. f6+ 1-0

[Event "Kandidatklassen"]
[Site "Koge"]
[Date "2005.03.26"]
[Round "5"]
[White "Andreasen, Per Naesby"]
[Black "Matthiesen, Arne"]
[Result "1/2-1/2"]
[WhiteElo "2305"]
[BlackElo "2334"]
[PlyCount "27"]
[EventDate "2005.??.??"]
[EventType "swiss"]
[EventRounds "7"]
[EventCountry "DEN"]

1. c4 Nf6 2. Nf3 c6 3. b3 d5 4. Bb2 Bg4 5. e3 e6 6. Be2 Nbd7 7. O-O Bd6 8. d3
O-O 9. Nbd2 Re8 10. cxd5 exd5 11. Nd4 Bxe2 12. Qxe2 Ne5 13. Nf5 Bf8 14. Nf3
1/2-1/2

[Event "Kandidatklassen"]
[Site "Koge"]
[Date "2005.03.26"]
[Round "5"]
[White "Madsen, Poul Henrik"]
[Black "Mikkelsen, Nikolaj"]
[Result "0-1"]
[WhiteElo "2035"]
[BlackElo "2211"]
[PlyCount "94"]
[EventDate "2005.??.??"]
[EventType "swiss"]
[EventRounds "7"]
[EventCountry "DEN"]

1. d4 d5 2. Nf3 Nf6 3. e3 Bf5 4. Bd3 Bxd3 5. Qxd3 e6 6. Qb5+ Nbd7 7. Qxb7 Bd6
8. Nbd2 O-O 9. O-O c5 10. c3 c4 11. Qa6 Qc7 12. Qa4 Ne4 13. Qc2 f5 14. Rd1 Ndf6
15. h3 Nh5 16. Nxe4 fxe4 17. Ne5 Bxe5 18. dxe5 Qxe5 19. b3 Rfc8 20. Rd4 Nf6 21.
Ba3 Qc7 22. bxc4 e5 23. Rd2 Qxc4 24. Rad1 Kf7 25. Qb3 Ke6 26. Qb7 Qc7 27. Rb2
Qxb7 28. Rxb7 Nd7 29. Rxd5 Kxd5 30. Rxd7+ Kc4 31. Rxg7 Rc6 32. Rxh7 Ra6 33. Be7
Rxa2 34. g4 Rb2 35. g5 Rb7 36. h4 Re8 37. h5 Rbxe7 38. Rxe7 Rxe7 39. g6 Rg7 40.
Kg2 Kd5 41. f4 exf4 42. exf4 Ke6 43. Kf2 Kf5 44. Ke3 a5 45. c4 a4 46. Kd4 a3
47. Kc3 e3 0-1

[Event "Kandidatklassen"]
[Site "Koge"]
[Date "2005.03.26"]
[Round "5"]
[White "Holmsgaard, Henrik"]
[Black "Brinck Claussen, Bjorn"]
[Result "1/2-1/2"]
[WhiteElo "2319"]
[BlackElo "2299"]
[PlyCount "47"]
[EventDate "2005.??.??"]
[EventType "swiss"]
[EventRounds "7"]
[EventCountry "DEN"]

1. e4 e6 2. d3 d5 3. Qe2 Nf6 4. Nf3 Be7 5. g3 O-O 6. Bg2 c5 7. e5 Ne8 8. O-O
Nc6 9. c3 b5 10. Nbd2 Rb8 11. Rd1 f5 12. exf6 Bxf6 13. Nb3 c4 14. Nbd4 Nxd4 15.
cxd4 Nd6 16. Bf4 Rb6 17. Re1 Nf5 18. Be5 Bxe5 19. Qxe5 b4 20. dxc4 dxc4 21.
Rac1 Ba6 22. Nd2 c3 23. Ne4 Bc8 24. Rf1 1/2-1/2

[Event "Kandidatklassen"]
[Site "Koge"]
[Date "2005.03.26"]
[Round "5"]
[White "Glud, Jakob Vang"]
[Black "Skjoldan, Benjamin"]
[Result "1-0"]
[WhiteElo "2311"]
[BlackElo "2051"]
[PlyCount "51"]
[EventDate "2005.??.??"]
[EventType "swiss"]
[EventRounds "7"]
[EventCountry "DEN"]

1. e4 e5 2. Nf3 Nf6 3. Nc3 Bb4 4. d3 d5 5. exd5 Nxd5 6. Bd2 Nxc3 7. bxc3 Bd6 8.
g3 c6 9. Bg2 O-O 10. O-O f6 11. Re1 Re8 12. Rb1 Na6 13. Nh4 Qc7 14. c4 Be6 15.
h3 Rad8 16. Qf3 Bf8 17. Bc3 Qc8 18. g4 Nc5 19. Qg3 Bd6 20. Qe3 Bd7 21. Bb4 b6
22. Kh1 Bf8 23. Rg1 Ne6 24. Bxf8 Rxf8 25. Nf5 Nf4 26. Ne7+ 1-0

[Event "Kandidatklassen"]
[Site "Koge"]
[Date "2005.03.26"]
[Round "5"]
[White "Pedersen, Daniel Vesterbaek"]
[Black "Bromann, Thorbjorn"]
[Result "0-1"]
[WhiteElo "2348"]
[BlackElo "2354"]
[PlyCount "65"]
[EventDate "2005.??.??"]
[EventType "swiss"]
[EventRounds "7"]
[EventCountry "DEN"]

1. d4 d5 2. c4 c6 3. Nc3 Nf6 4. e3 a6 5. Nf3 b5 6. c5 Nbd7 7. b4 a5 8. bxa5
Qxa5 9. Bd2 Qc7 10. a4 bxa4 11. Rxa4 Rxa4 12. Qxa4 e5 13. Be2 g6 14. O-O Bg7
15. Ra1 O-O 16. Qb4 Re8 17. Bf1 exd4 18. exd4 Ne4 19. Nxe4 dxe4 20. Ne1 Nf6 21.
Nc2 Nd5 22. Qa4 Bb7 23. Qa7 h5 24. Rb1 Bc8 25. Qxc7 Nxc7 26. Rb6 Ne6 27. Be3
Bd7 28. Bc4 Ra8 29. f4 exf3 30. gxf3 Nc7 31. Rb7 Be6 32. d5 Bd4 33. Bxd4 0-1

[Event "Kandidatklassen"]
[Site "Koge"]
[Date "2005.03.26"]
[Round "5"]
[White "Damm, Kasper Wilken"]
[Black "Aabling Thomsen, Jakob"]
[Result "1-0"]
[WhiteElo "2215"]
[BlackElo "2135"]
[PlyCount "117"]
[EventDate "2005.??.??"]
[EventType "swiss"]
[EventRounds "7"]
[EventCountry "DEN"]

1. e4 c5 2. Nf3 g6 3. c4 Bg7 4. d4 cxd4 5. Nxd4 Nc6 6. Be3 Nf6 7. Nc3 Ng4 8.
Qxg4 Nxd4 9. Qd1 e5 10. Bd3 O-O 11. O-O d6 12. Qd2 Be6 13. b3 f5 14. f4 fxe4
15. Bxe4 Qb6 16. Rad1 Rae8 17. Nb5 d5 18. fxe5 Rxf1+ 19. Rxf1 dxe4 20. Bxd4 Qd8
21. Nd6 Rf8 22. Nxe4 Rxf1+ 23. Kxf1 Qh4 24. Ng5 Bh6 25. Be3 Bxg5 26. Bxg5 Qg4
27. Qd8+ Kf7 28. Qf6+ Kg8 29. h3 Qf5+ 30. Ke2 Qe4+ 31. Kf2 Qc2+ 32. Kg3 Qd3+
33. Kh2 Qf5 34. Bd2 h5 35. Bh6 Qxf6 36. exf6 Kf7 37. Bg5 Bf5 38. a3 Bc2 39. b4
Bb3 40. c5 Ke6 41. g4 hxg4 42. hxg4 a6 43. Kg3 Bd1 44. Kf4 Be2 45. Bh4 Bd1 46.
g5 Ba4 47. Bf2 Bc6 48. Ke3 Bb5 49. Kd4 Bc6 50. Kc3 Ba4 51. Be3 Bc6 52. Kb3 Bd5+
53. Ka4 Kd7 54. Ka5 Kc7 55. a4 Bb3 56. b5 Kd7 57. c6+ Kc7 58. Bf4+ Kc8 59. Kb6
1-0

[Event "Kandidatklassen"]
[Site "Koge"]
[Date "2005.03.26"]
[Round "5"]
[White "Rossen, Claus"]
[Black "Ostergaard, Jens"]
[Result "1/2-1/2"]
[WhiteElo "2197"]
[BlackElo "2321"]
[PlyCount "85"]
[EventDate "2005.??.??"]
[EventType "swiss"]
[EventRounds "7"]
[EventCountry "DEN"]

1. e4 c5 2. Nf3 Nc6 3. d4 cxd4 4. Nxd4 g6 5. c4 Bg7 6. Nc2 d6 7. Be2 Nf6 8. Nc3
O-O 9. O-O Be6 10. f4 Rc8 11. b3 Na5 12. Bf3 Nd7 13. Nd4 Nc6 14. Be3 Nxd4 15.
Bxd4 Qa5 16. f5 gxf5 17. exf5 Bxd4+ 18. Qxd4 Qxf5 19. Bxb7 Qc5 20. Rad1 Rc7 21.
Bd5 Nf6 22. Bxe6 fxe6 23. Nb5 e5 24. Qxc5 Rxc5 25. Nxa7 Ra8 26. Nb5 d5 27. Nc3
d4 28. Na4 Rxa4 29. bxa4 Rxc4 30. Rde1 e4 31. Rxf6 exf6 32. Rxe4 Rxa4 33. Re2
Kf7 34. Kf2 Kg6 35. Kf3 Kf5 36. g4+ Kg5 37. Ke4 Kxg4 38. Rg2+ Kh3 39. Rf2 h5
40. Rxf6 Rxa2 41. Kxd4 h4 42. Ke3 Kxh2 43. Rf2+ 1/2-1/2

[Event "Kandidatklassen"]
[Site "Koge"]
[Date "2005.03.27"]
[Round "6"]
[White "Skovgaard, Peter Nicolai"]
[Black "Pedersen, Daniel Vesterbaek"]
[Result "1/2-1/2"]
[WhiteElo "2130"]
[BlackElo "2348"]
[PlyCount "57"]
[EventDate "2005.??.??"]
[EventType "swiss"]
[EventRounds "7"]
[EventCountry "DEN"]

1. e4 e5 2. Nf3 Nc6 3. Bb5 a6 4. Bxc6 dxc6 5. O-O Bg4 6. h3 h5 7. d3 Qf6 8.
Nbd2 Ne7 9. hxg4 hxg4 10. g3 gxf3 11. Qxf3 Qe6 12. Nc4 O-O-O 13. Bd2 Kb8 14.
Rfb1 c5 15. Bc3 Nc6 16. Qf5 Qh6 17. Kg2 g6 18. Qg4 f5 19. exf5 Qh2+ 20. Kf3
gxf5 21. Qxf5 Ne7 22. Qg4 Bg7 23. Ke2 Rhf8 24. Rf1 Nf5 25. Rh1 Qg2 26. Rag1 Qd5
27. Ne3 Nxe3 28. fxe3 Bf6 29. a3 1/2-1/2

[Event "Kandidatklassen"]
[Site "Koge"]
[Date "2005.03.27"]
[Round "6"]
[White "Ostergaard, Jens"]
[Black "Skjoldan, Benjamin"]
[Result "1/2-1/2"]
[WhiteElo "2321"]
[BlackElo "2051"]
[PlyCount "105"]
[EventDate "2005.??.??"]
[EventType "swiss"]
[EventRounds "7"]
[EventCountry "DEN"]

1. d4 d5 2. Nf3 e6 3. c4 Nf6 4. Nc3 Be7 5. Bg5 O-O 6. e3 h6 7. Bxf6 Bxf6 8. Rc1
c6 9. Bd3 b6 10. O-O Bb7 11. Qe2 Re8 12. Rfd1 Nd7 13. e4 e5 14. cxd5 exd4 15.
dxc6 Bxc6 16. Bb5 Bxb5 17. Nxb5 Nc5 18. e5 d3 19. Qe3 a5 20. Nd6 Re6 21. Ne4
Nxe4 22. Qxe4 Rc8 23. Rxc8 Qxc8 24. Qf5 Qc2 25. Rf1 Qc5 26. Qxd3 Bxe5 27. b3
Bf6 28. h3 g6 29. Qd2 Kg7 30. Rc1 Qe7 31. Kf1 Rd6 32. Qe2 Qd8 33. Kg1 Re6 34.
Qc4 Qe7 35. Kf1 Qa3 36. Qc2 b5 37. Re1 Rd6 38. g4 Rd8 39. h4 Rd5 40. g5 hxg5
41. hxg5 Bxg5 42. Nxg5 Rxg5 43. Qc3+ f6 44. Qc7+ Kh6 45. Re7 Rg4 46. f4 g5 47.
fxg5+ Rxg5 48. Rh7+ Kg6 49. Rg7+ Kh6 50. Rh7+ Kg6 51. Qf7+ Kf5 52. Qd7+ Kg6 53.
Rg7+ 1/2-1/2

[Event "Kandidatklassen"]
[Site "Koge"]
[Date "2005.03.27"]
[Round "6"]
[White "Mikkelsen, Nikolaj"]
[Black "Rossen, Claus"]
[Result "1/2-1/2"]
[WhiteElo "2211"]
[BlackElo "2197"]
[PlyCount "118"]
[EventDate "2005.??.??"]
[EventType "swiss"]
[EventRounds "7"]
[EventCountry "DEN"]

1. e4 g6 2. g3 Bg7 3. Bg2 c5 4. Nf3 Nc6 5. O-O d6 6. c3 Nf6 7. d3 O-O 8. a3 a5
9. a4 c4 10. Na3 cxd3 11. Qxd3 Nd7 12. Be3 Nc5 13. Bxc5 dxc5 14. Qb5 Qd6 15.
Rad1 Qf6 16. Rd5 e5 17. Rxc5 Rd8 18. Nc4 Bf8 19. Rd5 Be6 20. Qxb7 Bxd5 21. exd5
Ne7 22. Nfxe5 Nf5 23. Nc6 Re8 24. N4xa5 Bc5 25. b4 Nd6 26. Qd7 Bb6 27. c4 Re1
28. c5 Rxf1+ 29. Kxf1 Qa1+ 30. Ke2 Re8+ 31. Qxe8+ Nxe8 32. cxb6 Qb2+ 33. Kd3
Qb1+ 34. Kd4 Qb2+ 35. Kc4 Qxf2 36. Kb5 Nd6+ 37. Ka6 Qxg2 38. b7 Nxb7 39. Nxb7
Kg7 40. b5 Qxd5 41. Nba5 Qd3 42. Nb7 f5 43. Nc5 Qc4 44. Kb6 g5 45. a5 f4 46. a6
f3 47. Ne5 Qd5 48. Nxf3 Qd6+ 49. Kb7 Qxc5 50. b6 Qd5+ 51. Kb8 Qxf3 52. a7 Qf8+
53. Kb7 Qe7+ 54. Kb8 Qd6+ 55. Kb7 Qd7+ 56. Kb8 Qc6 57. b7 Qd6+ 58. Kc8 Qc5+ 59.
Kb8 Qd6+ 1/2-1/2

[Event "Kandidatklassen"]
[Site "Koge"]
[Date "2005.03.27"]
[Round "6"]
[White "Meyer, Lars August"]
[Black "Glud, Jakob Vang"]
[Result "0-1"]
[WhiteElo "2240"]
[BlackElo "2311"]
[PlyCount "138"]
[EventDate "2005.??.??"]
[EventType "swiss"]
[EventRounds "7"]
[EventCountry "DEN"]

1. d4 d5 2. c4 e6 3. Nc3 Be7 4. Nf3 Nf6 5. cxd5 exd5 6. Bg5 c6 7. e3 Bf5 8. Bd3
Bxd3 9. Qxd3 Nbd7 10. O-O O-O 11. Rab1 a5 12. Nd2 Re8 13. Rfe1 h6 14. Bh4 Nh5
15. Bxe7 Qxe7 16. a3 Nhf6 17. b4 axb4 18. axb4 Ra3 19. Qc2 Nb6 20. Rec1 Rc8 21.
Rb3 Raa8 22. Qd3 Ne8 23. f3 Nd6 24. Nf1 Na4 25. Ne2 Re8 26. Neg3 Nb6 27. Re1
Ra2 28. Re2 Rxe2 29. Qxe2 Nbc4 30. Qd3 b5 31. Rb1 g6 32. Kf2 h5 33. Ne2 Ra8 34.
Nc1 Ra4 35. Qe2 Nf5 36. Nd3 Qa7 37. Kg1 Ra2 38. Qe1 Nfxe3 39. Nxe3 Qxd4 40. Nc1
Ra3 41. Rb3 Nxe3 42. Rxa3 Nc2+ 43. Qf2 Qd1+ 44. Qf1 Qxf1+ 45. Kxf1 Nxa3 46. Ke2
Nc2 47. Nd3 f6 48. g4 hxg4 49. fxg4 g5 50. Kd2 Nd4 51. Ke3 Ne6 52. Ne1 Kf7 53.
Nf3 Ke7 54. h4 gxh4 55. Nxh4 Kd6 56. Nf5+ Ke5 57. Ne7 d4+ 58. Kd3 c5 59. Ng6+
Kd5 60. Ne7+ Kd6 61. Nf5+ Ke5 62. bxc5 Nxc5+ 63. Kc2 b4 64. Ne7 Ke4 65. Ng8 d3+
66. Kd2 Kd4 67. Nxf6 b3 68. Kc1 Ne4 69. g5 d2+ 0-1

[Event "Kandidatklassen"]
[Site "Koge"]
[Date "2005.03.27"]
[Round "6"]
[White "Matthiesen, Arne"]
[Black "Holmsgaard, Henrik"]
[Result "1/2-1/2"]
[WhiteElo "2334"]
[BlackElo "2319"]
[PlyCount "62"]
[EventDate "2005.??.??"]
[EventType "swiss"]
[EventRounds "7"]
[EventCountry "DEN"]

1. d4 d5 2. c4 c6 3. Nf3 Nf6 4. e3 e6 5. Bd3 Nbd7 6. Nbd2 c5 7. b3 cxd4 8. exd4
Be7 9. Bb2 O-O 10. c5 Qc7 11. b4 Nh5 12. O-O Nf4 13. Bc2 Bf6 14. Rc1 e5 15.
dxe5 Nxe5 16. Nxe5 Bxe5 17. Bxe5 Qxe5 18. Nf3 Qh5 19. Nd4 Bg4 20. f3 Bd7 21.
Qd2 Qg5 22. Kh1 Qf6 23. Bb3 Rfd8 24. Rfd1 Rac8 25. Rc3 h5 26. g3 Ne6 27. Kg2 h4
28. f4 Qh6 29. Rh1 Qf6 30. Rd1 Qh6 31. Rh1 Qf6 1/2-1/2

[Event "Kandidatklassen"]
[Site "Koge"]
[Date "2005.03.27"]
[Round "6"]
[White "Kongsted, Halfdan Christian"]
[Black "Damm, Kasper Wilken"]
[Result "1-0"]
[WhiteElo "2265"]
[BlackElo "2215"]
[PlyCount "65"]
[EventDate "2005.??.??"]
[EventType "swiss"]
[EventRounds "7"]
[EventCountry "DEN"]

1. d4 Nf6 2. Nf3 g6 3. c4 Bg7 4. Nc3 d6 5. e4 O-O 6. h3 c5 7. d5 a6 8. a4 e6 9.
Bd3 exd5 10. exd5 Re8+ 11. Be3 Nh5 12. O-O Nd7 13. Bg5 f6 14. Be3 f5 15. Bg5
Nhf6 16. Qd2 Ne5 17. Nxe5 Rxe5 18. Rfe1 Rxe1+ 19. Rxe1 Bd7 20. Bh6 Bh8 21. Re2
Kf7 22. Qf4 Ne8 23. Ne4 Be5 24. Qf3 Qc8 25. Ng5+ Kg8 26. Ne6 Bxe6 27. dxe6 Qc6
28. Be4 Qxa4 29. g4 Nf6 30. gxf5 Qd1+ 31. Kg2 gxf5 32. Bc2 Qd4 33. Qxb7 1-0

[Event "Kandidatklassen"]
[Site "Koge"]
[Date "2005.03.27"]
[Round "6"]
[White "Bromann, Thorbjorn"]
[Black "Christensen, Stefan"]
[Result "1/2-1/2"]
[WhiteElo "2354"]
[BlackElo "2203"]
[PlyCount "72"]
[EventDate "2005.??.??"]
[EventType "swiss"]
[EventRounds "7"]
[EventCountry "DEN"]

1. c4 e5 2. g3 Nf6 3. Bg2 d5 4. cxd5 Nxd5 5. Nf3 Nc6 6. O-O Nb6 7. d3 Be7 8.
Nbd2 O-O 9. a3 a5 10. b3 Be6 11. Bb2 f6 12. Qc2 Kh8 13. Rfd1 Qd7 14. e3 Rfd8
15. d4 exd4 16. Nxd4 Nxd4 17. Bxd4 Nd5 18. Bb2 Qb5 19. e4 Nb6 20. e5 fxe5 21.
Bxb7 Rab8 22. Be4 Bg5 23. a4 Nxa4 24. bxa4 Qxb2 25. Qxb2 Rxb2 26. Nf3 Rxd1+ 27.
Rxd1 Bf6 28. Bd5 Bh3 29. Nxe5 Bxe5 30. Bg2 Bd4 31. Bxh3 Bxf2+ 32. Kh1 g6 33.
Rd8+ Kg7 34. Rd7+ Kh6 35. Rxc7 Be1 36. Bf1 Bb4 1/2-1/2

[Event "Kandidatklassen"]
[Site "Koge"]
[Date "2005.03.27"]
[Round "6"]
[White "Brinck Claussen, Bjorn"]
[Black "Andreasen, Per Naesby"]
[Result "1/2-1/2"]
[WhiteElo "2299"]
[BlackElo "2305"]
[PlyCount "21"]
[EventDate "2005.??.??"]
[EventType "swiss"]
[EventRounds "7"]
[EventCountry "DEN"]

1. e4 g6 2. d4 Bg7 3. Nc3 d6 4. f4 Nc6 5. Be3 Nf6 6. h3 e5 7. dxe5 dxe5 8.
Qxd8+ Nxd8 9. fxe5 Nd7 10. Nf3 Ne6 11. Bc4 1/2-1/2

[Event "Kandidatklassen"]
[Site "Koge"]
[Date "2005.03.27"]
[Round "6"]
[White "Aabling Thomsen, Jakob"]
[Black "Madsen, Poul Henrik"]
[Result "1-0"]
[WhiteElo "2135"]
[BlackElo "2035"]
[PlyCount "57"]
[EventDate "2005.??.??"]
[EventType "swiss"]
[EventRounds "7"]
[EventCountry "DEN"]

1. e4 d5 2. exd5 Qxd5 3. Nc3 Qd6 4. d4 Nf6 5. Bc4 a6 6. Bb3 Nc6 7. Nge2 Bg4 8.
f3 Bh5 9. Bf4 e5 10. dxe5 Nxe5 11. O-O O-O-O 12. Qe1 Qc5+ 13. Kh1 Bd6 14. Na4
Qa7 15. Qc3 Kb8 16. Be3 b6 17. Nf4 Rhe8 18. Rad1 Qb7 19. Nxh5 Nxh5 20. Bd5 c6
21. Bxb6 cxd5 22. Bxd8 Rxd8 23. Nc5 Qb5 24. b4 Qc4 25. Qa3 Bxc5 26. bxc5 Ka7
27. Qa5 Rd7 28. Qb6+ Ka8 29. Rb1 1-0